000 00740nam a2200217 a 4500
005 20210219160105.0
008 080729s1980 mx r 000 0 spa d
035 _aUPN01000158382
049 _aUNE
080 _a37 (540)=20 NAI No.86.
100 1 _aNaik, J. P.
245 1 3 _aAn Assessment of educational reform in India and lessons for the future /
_cJ. P. Naik.
260 _aParĂ­s :
_bUNESCO,
_c1980.
300 _aIV, 80 p.
440 0 _aReports and Studies on Educational Policy and Planning ;
_v86
690 _aReforma de la educacion - India
690 _aPolitica educacional - Educacion y desarrollo - India
690 _aIndia - Educacion y desarrollo - Sistemas educacionales
710 2 _aUNESCO
905 _aUNESCO
999 _c130496
_d130496